Największe miasta Serbii - Statystyki

Ogólne statystyki
  • Ten quiz został rozwiązany 127 razy
  • Średni wynik to 3 z 10
Statystyki odpowiedzi
Miasto Liczba Ludności % Poprawnych
1 Belgrad 1 166 763
100%
2 Nowy Sad 250 439
91%
3 Nisz 183 164
63%
8 Cacak 73 331
18%
6 Zrenjanin 76 511
18%
4 Kragujewac 150 835
16%
10 Nowy Pazar 66 527
14%
9 Kraljewo 68 749
4%
7 Pancewo 76 203
3%
5 Suboticia 97 910
1%
Nie znaleziono quizów pasujących do podanych kryteriów
Rozkład punktacji
Procent ludzi z każdym wynikiem
Percentyl według liczby udzielonych odpowiedzi
Twoja historia wyników
Nie rozwiązałeś tego quizu